Vlákna a jádra

Objasnenie základných pojmov z teórie programovania viacvláknových aplikácií .NET a priebeh ich exekúcie na procesoroch (CPU) s jedným a viacerými jadrami.

Enregistré dans:
Détails bibliographiques
Auteur principal: Hanák, Ján
Format: Chapitre de livre
Langue:tchèque
Sujets:
Tags: Ajouter un tag
Pas de tags, Soyez le premier à ajouter un tag!

MARC

LEADER 00000naa$a2200000$$$4500
001 0076756
005 20250625122206.1
041 0 |a cze 
044 |a CZ 
245 1 0 |a Vlákna a jádra  |c Ján Hanák 
520 |a Objasnenie základných pojmov z teórie programovania viacvláknových aplikácií .NET a priebeh ich exekúcie na procesoroch (CPU) s jedným a viacerými jadrami. 
610 2 0 |a programovanie 
610 2 0 |a informatika 
610 2 0 |a počítače 
610 2 0 |a procesory 
100 1 |a Hanák, Ján